Desarrollo de las ideas filosóficas en Costa Rica /

Sábháilte in:
Sonraí bibleagrafaíochta
Príomhchruthaitheoir: Láscaris Comneno, Constantino, 1923-1979
Formáid: Anaithnid
Teanga:Spanish
Foilsithe / Cruthaithe: San José, Costa Rica : Editorial Costa Rica, 1964.
Sraith:(Biblioteca de Autores Costarricenses)
Ábhair:
Clibeanna: Cuir clib leis
Níl clibeanna ann, Bí ar an gcéad duine le clib a chur leis an taifead seo!

MARC

LEADER 000000000a22000000004500
001 001646
008 171122b xxu||||| |||| 00| 0 spa d
041 0 |a spa 
082 0 4 |a 199.728.6   |b L341d 
100 1 |a Láscaris Comneno, Constantino,   |d 1923-1979 
245 1 0 |a Desarrollo de las ideas filosóficas en Costa Rica /   |c Constantino Láscaris Comneno. 
260 1 |a San José, Costa Rica :   |b Editorial Costa Rica,   |c 1964. 
300 |a 631 páginas. 
490 1 |a (Biblioteca de Autores Costarricenses) 
500 |a Otro ejemplar con número de inscripción 14754 
650 4 |a FILOSOFIA COSTARRICENSE 
650 4 |a HISTORIA 
942 |c BK  |2 ddc 
999 |c 8345  |d 8345